Bienvenue à la Médiathèque de Saint-Andiol
banniere
Accueil Recherche avancée Mon compte
handi1 Rechercher dans le catalogue

Filtre   Mots-clés
  Recherche avancée
 
Lister les dernières nouveautés
 
Lister les livres GROS CARACTERES
 
Lister les périodiques (magazines)

handi1 Débarquement en Normandie (Le)

6 juin 1944

Book Cover
Auteur principal : Elisabeth Dumont-Le Cornec
Titre : Débarquement en Normandie (Le)
Support : Livres
Langue : Francais
Genre : Documentaire
Sujets :
Étiquettes :
Pas de tags
LEADER 01090nam0a2200205 450
001 16867096
010 |a 978-2-7324-3889-4  |b Br.  |d 12 € 
100 |a 20090203d2009 u u0frey01 ba 
101 0 |a fre 
102 |a FR 
200 0 |a Débarquement en Normandie (Le)  |e 6 juin 1944  |f Elisabeth Dumont-Le Cornec 
207 1 |a   
215 |a 45 p.  |c illustrations en noir et en couleur  |d 28 x 22 cm 
330 |a Ce récit du quotidien d'enfants au moment du débarquement en Normandie, à la veille du 6 juin 1944, retrace les préparatifs qui furent mis en place pour l'opération, la prise de Cherbourg, les parachutages sur Caen avec des détails précis sur les lieux, la logistique et les armes employées. Illustré de photographies d'époque et de portraits de soldats et d'enfants. 
606 0 |a Guerre mondiale (1939-1945)  |x Campagnes et batailles  |y Normandie (France) 
676 |a 940.53 
700 0 |a Dumont-Le Cornec  |b Elisabeth  |4 70 
900 |a Documentaire 
901 |a Jeunesse 
995 |a Médiathèque  |c Médiathèque  |f 00156006389100  |h 00156006389100  |k E 940.53 DUM  |o p  |q j  |r az  |e Médiathèque